• 首页
  • 本馆介绍
  • 公告通知
  • 最新文献
  • 馆藏检索
  • 电子资源
  • 读者导购
  • 参考咨询
  • 我的图书馆
  • 登录
  • 详细信息显示
  • 放入我的书架
  • 预约/预借图书
  • 作者相关作品
  • 分类相关作品
  • 丛书相关作品
  • 出版社相关作品

书目信息

  • 表格格式
  • 工作单格式
  • 卡片格式
题名:
数学分析讲义
    
 
作者: 刘玉琏 , 傅沛仁 编
分册: 上册  
出版信息: 北京   高等教育出版社  1992.6
页数: 418页
开本: 20cm
丛书名:
单 册:
中图分类: O17
科图分类:
主题词: 数学分析
电子资源:
ISBN: 7-04-003757-2
000 00683nam0 2200253 45
001 0192012221
005 20070611180239.56
010    @a7-04-003757-2@dCNY13.10
020    @aCN@b92012221
100    @a19921118d1992 em y0chiy0121 ea
101 0  @achi
102    @aCN@b110000
105    @ay z 000yy
200 10 @a数学分析讲义@Ashu xue fen xi jiang yi@h上册@f刘玉琏,傅沛仁编@Fliu yu lian fu pei ren bian
205    @a3版
210    @a北京@c高等教育出版社@d1992.6
215    @a418页@d20cm
300    @a高等学校教材
606    @a数学分析
690    @aO17@v3
701  0 @a刘玉琏@4编
701  0 @a傅沛仁@4编
801  0 @aCN@bNLC@c20070611
905    @dO17@e10:1=3@f1@b281053
    
    数学分析讲义.上册/刘玉琏,傅沛仁编.-3版.-北京:高等教育出版社,1992.6
    418页;20cm
    高等学校教材
    
    ISBN 7-04-003757-2:CNY13.10
    
●
相关链接 在E读中查询图书 在五车中查询图书 在当当中查询图书 在豆瓣中查询图书


正题名:数学分析讲义     索取号:O17/10:1=3         预约/预借

序号 登录号 条形码 馆藏地/架位号 状态 备注
1 0281053   002810532   第三借阅区/ [索取号:O17/10:1=3] 在馆    
2 0281054   002810541   第三借阅区/ [索取号:O17/10:1=3] 在馆    
3 0281055   002810550   第三借阅区/ [索取号:O17/10:1=3] 在馆    
4 0281056   002810569   第三借阅区/ [索取号:O17/10:1=3] 在馆    
5 0281057   002810578   第三借阅区/ [索取号:O17/10:1=3] 在馆    
6 0281058   002810587   第三借阅区/ [索取号:O17/10:1=3] 在馆    
7 0281059   002810596   第三借阅区/ [索取号:O17/10:1=3] 在馆    
8 0281060   002810603   第三借阅区/ [索取号:O17/10:1=3] 在馆    
9 0281061   002810612   第三借阅区/ [索取号:O17/10:1=3] 在馆    
10 0281062   002810621   第二样本阅览室/ [索取号:O17/10:1=3] 在馆    
11 0638581   206385810   密集书库/ [索取号:O17/10:1=3] 在馆    
12 0638582   206385829   密集书库/ [索取号:O17/10:1=3] 在馆    
13 0638583   206385838   密集书库/ [索取号:O17/10:1=3] 在馆    
14 0638584   206385847   密集书库/ [索取号:O17/10:1=3] 在馆    
15 0638585   206385856   密集书库/ [索取号:O17/10:1=3] 在馆    
16 0638586   206385865   密集书库/ [索取号:O17/10:1=3] 在馆    
17 0638587   206385874   密集书库/ [索取号:O17/10:1=3] 在馆    
18 0638588   206385883   密集书库/ [索取号:O17/10:1=3] 在馆    
19 0638589   206385892   密集书库/ [索取号:O17/10:1=3] 在馆    
20 0638590   206385909   密集书库/ [索取号:O17/10:1=3] 在馆    
21 0638591   206385918   密集书库/ [索取号:O17/10:1=3] 在馆    
22 0638592   206385927   密集书库/ [索取号:O17/10:1=3] 在馆    
23 0638593   206385936   密集书库/ [索取号:O17/10:1=3] 在馆    
24 0638594   206385945   密集书库/ [索取号:O17/10:1=3] 在馆    
25 0638595   206385954   密集书库/ [索取号:O17/10:1=3] 在馆    
26 0638596   206385963   密集书库/ [索取号:O17/10:1=3] 在馆    
27 0638597   206385972   密集书库/ [索取号:O17/10:1=3] 在馆    
28 0638598   206385981   密集书库/ [索取号:O17/10:1=3] 在馆    
29 0638599   206385990   密集书库/ [索取号:O17/10:1=3] 在馆    
30 0638600   206386007   密集书库/ [索取号:O17/10:1=3] 在馆    
31 0638601   206386016   密集书库/ [索取号:O17/10:1=3] 在馆    
32 0638602   206386025   密集书库/ [索取号:O17/10:1=3] 在馆    
33 0638603   206386034   密集书库/ [索取号:O17/10:1=3] 在馆    
34 0638604   206386043   密集书库/ [索取号:O17/10:1=3] 在馆    
35 0638605   206386052   密集书库/ [索取号:O17/10:1=3] 在馆    
36 0638606   206386061   密集书库/ [索取号:O17/10:1=3] 在馆    
37 0638607   206386070   密集书库/ [索取号:O17/10:1=3] 在馆    
38 0638608   206386089   密集书库/ [索取号:O17/10:1=3] 在馆    
39 0638609   206386098   密集书库/ [索取号:O17/10:1=3] 在馆    
40 0638610   206386105   密集书库/ [索取号:O17/10:1=3] 在馆    
欢迎您!
大连网信软件有限公司© 版权所有